00898nam a22002657a 45000010005000000030006000050050017000110080041000280200015000690400029000840500016001130820012001291000025001412450095001662500041002612600035003023000039003375050007003765200126003835210018005095210018005276500033005456500019005787000035005976300FISKH20250409144116.0250409b cb ||||| |||| 00| 0 eng d a0590290142 aFISKHbengcFISKHdFISKH aPZ7.K6797 H a808.899 aKline, Suzyd(1943-) aHorrible Harry moves up to the third grade /cBy Suzy Kline ; Pictures by Frank Remkiewicz aThis edition first published in 2000 aNew York :bScholastic,c1998. a58 pages :billustrations ;c20 cm aJ  aHorrible Harry and friends start off third grade with a new room and a field trip to an old copper mine to study rocks. 8 a460 bLexile 8 aJ bRaz-Plus  2Horrible HarryaChapter book 2FictionaFunny aRemkiewicz, Frankdillustrator